LEADER 01141nam a2200265 i 4500 001 000000343092 003 CaOOAMICUS 005 20201126144659.0 008 201124s2013 vc a u000 u ita u 013 $a87861 020 $a978-88-209-9088-6 040 $aSeMil$bita 100 1 $aGalazka, Grzegorz.$0(OLS)http://semarc/name/110970 245 10$aPortiamo a tutti la gioia della fede /$cGrzegorz Galazka. 260 $aMarki :$bMichalineum 260 $a[Cittą del Vaticano] :$bLibreria Editrice Vaticana,$c2013. 300 $a118 p. :$briccamente ill. ;$c32 cm 600 04$aFrancesco I .$0(OLS)http://semarc/subject/15916 850 $aSeMil 852 $aSeMil$W1$xVenegono$y1$m3A VI 354$j223027$B234070$CSeMilBibl$Z2$F234070 $81 996 $6020$a978-88-209-9088-6$9(OLS)http://semarc/number/291713 996 $6245$aPortiamo a tutti la gioia della fede$9(OLS)http://semarc/title/432055 996 $6260$a[Cittą del Vaticano] :$bLibreria Editrice Vaticana$9(OLS)http://semarc/publisher/33859 996 $6260$aMarki :$bMichalineum$9(OLS)http://semarc/publisher/57934 LEADER 01378nam a2200193 i 4500 001 000000235349 003 CaOOAMICUS 005 20141105000000.0 008 141105s1757 xx u000 u lat u 013 $a214252 026 $aitis *-** *-** (4** (3) 1757 (R) 040 $aSeMil$bita 245 10$aTomus secundus, pars secunda, in qua de ss. Trinitate libri posteriores quinque. Adcedunt in hac novissima editione Dionisii Petavii, et Jacobi Sirmondi dissertationes sirmitanę, atque recentis editionis dissertatio de commentitio Liberii lapsu. 300 $avij [1], 218, [2] p. 500 $aSegn : a-b2 A-2C4 2D6(2D6 bianca). 773 0 $aPetau, Denys $tDionysii Petavii Aurelianensis ... Opus de theologicis dogmatibus, nunc primum septem voluminibus comprehensum, in meliorem ordinem redactum, ... Francisci Antonii Zachariae ... dissertationibus, ac notis uberrimis illustratum. Tomus 1. [-6.].$dVenetiis : Ex Typographia Remondiniana, 1757.$g2$w()27629 850 $aSeMil 852 $aSeMil$W1$xVenegono$y1$m2D VIII 3 FA$j185695$B185695$CSeMilBibl$Z2$F196600 $8I 996 $6245$aTomus secundus, pars secunda, in qua de ss. Trinitate libri posteriores quinque. Adcedunt in hac novissima editione Dionisii Petavii, et Jacobi Sirmondi dissertationes sirmitanę, atque recentis editionis dissertatio de commentitio Liberii lapsu$9(OLS)http://semarc/title/335595